AP Gov Terms Ch 9 Quiz Stats

 Plays Quiz not verified by Sporcle

Score 0/30 Timer 15:00
0 Plays Today
Definition % Correct
Individual who attempts to influence governmental decisions, especially legislation.Lobbyist
76.7%
Organization for people over 50AARP
53.3%
Interest Group that gives a voice to African AmericansNAACP
46.7%
Organization that advocates legislation against drunk drivingMothers Against Drunk Driving
26.7%
Defending the second ammendment rightsNational Rifle Association
23.3%
Any organization that seeks to influence public policyInterest Groups
20%
Interest Group that favors Pro ChoicePlanned Parenthood
16.7%
The sense of pleasure, status, or companionship that arises out of meeting together in small groupsSolidary Incentives
10%
Money and services that are used to draw individuals to a groupMaterial Incentives
10%
Defending Individual LibertiesAmerican Civil Liberties Union
10%
Protecting human rights worldwideAmnesty International
10%
The appeal of a group's goals to attract members to the groupPurposive Incentives
6.7%
A signal telling the official what valuses are at stake in an issuePolitical Cue
6.7%
Organization for Christian ideals and valuesThe Christian Coalition
6.7%
Women's rights and feminismNational Organization for Women
6.7%
Definition % Correct
Federation of 51 independent motor clubsAAA
6.7%
To explore, enjoy, and defend the wild places of the earthThe Sierra Club
6.7%
An assesment on a representatives voting records on issues important to an intrest groupRatings
3.3%
Sets standards for law schools and studentsAmerican Bar Association
3.3%
Purpose of the organization is to benefit principally benefit nonmembersPublic Interest Lobby
0%
A widely shared demand for change in some aspect of the social or political orderSocial Movement
0%
NOW, NARAL, WEALFeminist Social Movements
0%
Interest Group that favors Pro LifeNational Right to Life
0%
Organizations that attract members by appealing to their interest in a coherent set of controversial principlesIdeological Inetrest Groups
0%
Political Agenda
0%
Organization which promotes the art of science and medicineAmerican Mediacal Association
0%
Organization for buisness advocacyChamber of Commerce
0%
Combats abortion,suicide and assisted suiceideNational Right to Life Committee
0%
Advocates for educational proffesionalsNational Education Association
0%
Service club and organizationRotary
0%

You're not logged in!

Compare scores with friends on all Sporcle quizzes.
OR
Log In

Show Comments

Extras

Created Dec 1, 2010ReportNominate
Tags:Definition Quiz, gov, term

Top Quizzes Today


Score Distribution

Your Account Isn't Verified!

In order to create a playlist on Sporcle, you need to verify the email address you used during registration. Go to your Sporcle Settings to finish the process.

Report this User

Report this user for behavior that violates our Community Guidelines.

Details: